00514nam a22001697a 450000500170000001000130001702000260003003500110005603700130006708200110008010000230009124500450011424600430015926000520020227000670025430000230032120210915110137.0 aUR-11232 c400.00a9789390533305 aU-9787 bDBAD/PUB a844.08 aحبيب سيفی  aر مو ز ا د ب cحبيب سيفی  aRumooz-e-Adab (Urdu)bby Habib Saifi  aN.Delhic2021 ءbEducational Publishing House  a3191, Vakil Street, Kucha Pandit Lal Kuan,b Delhie110006l - a394 ص c22 Cm(Hb)